Separácia zložiek zmesi tvoriacich azeotrop pomocou iónovej kvapaliny

Salvato in:
Dettagli Bibliografici
Autore principale: Baran, Aliaksandr (Autore)
Altri autori: Steltenpohl, Pavol (Relatore della tesi)
Natura: Manoscritto Libro
Lingua:slovacco
Pubblicazione: 2025
Soggetti:
Accesso online:http://is.stuba.sk/zp/portal_zp.pl?podrobnosti=190129
Tags: Aggiungi Tag
Nessun Tag, puoi essere il primo ad aggiungerne!!

MARC

LEADER 00000ntm a22000003a 4500
001 stuzp104970
003 SK-STU
005 20250628212206.4
007 ta
008 150427s2015----xo-----f-mn---000-0-slo-d
040 |a STU  |b slo 
041 0 |a slo 
100 1 |a Baran, Aliaksandr  |u 046230  |4 aut  |U FCHPT Ústav chemického a environmentálneho inžinierstva  |T FCHPT Oddelenie chemického a biochemického inžinierstva  |X 106020  |U C6230  |Y 119  |7 106020 
242 0 1 |a Separation of mixture components forming azeotrope using an ionic liquid  |y eng 
245 1 0 |a Separácia zložiek zmesi tvoriacich azeotrop pomocou iónovej kvapaliny 
260 |c 2025 
650 4 |a iónová kvapalina  |2 slo 
650 4 |a NRTL model  |2 slo 
650 4 |a azeotropická zmes  |2 slo 
650 4 |a MTBE  |2 slo 
650 4 |a kvapalinová extrakcia  |2 slo 
650 4 |a azeotropic mixture  |2 eng 
650 4 |a liquid extraction  |2 eng 
650 4 |a NRTL model  |2 eng 
650 4 |a ionic liquid  |2 eng 
650 4 |a MTBE  |2 eng 
700 1 |a Steltenpohl, Pavol  |u 046230  |k Z1  |4 ths  |U FCHPT Ústav chemického a environmentálneho inžinierstva  |T FCHPT Oddelenie chemického a biochemického inžinierstva  |X 3929  |U C6230  |Y 119  |7 A000003929 
856 4 |u http://is.stuba.sk/zp/portal_zp.pl?podrobnosti=190129